[Event "Panevezys Elite Open 2020"]
[Site "Panevezys"]
[Date "2020.06.29"]
[Round "5.11"]
[White "Golsta, Madara"]
[Black "Juksta, Karolis"]
[Result "0-1"]
[WhiteElo "1903"]
[BlackElo "2366"]
[Annotator "TA"]
[PlyCount "118"]
[EventDate "2020.06.26"]
[EventType "swiss"]
[EventCountry "LTU"]
[SourceTitle "playchess.com"]
[Source "ChessBase"]
[SourceQuality "1"]

{[%evp 14,118,0,-16,-22,0,29,-7,13,0,0,0,0,1,28,22,12,0,22,29,17,27,36,8,20,0,23,0,10,6,10,0,31,40,41,-76,-40,-79,-37,-37,-43,-27,-23,-98,0,0,0,0,0,0,0,0,0,0,0,0,0,0,0,-234,-233,-234,-228,-216,-174,-271,-130,-229,-60,-264,-240,-4433,-4433,-12844,-224,-4433,-4433,-4426,-4433,-4419,-4408,-4443,-4353,-4293,-4256,-4432,-4432,-4159,-4364,-4364,-4364,-4579,-4358,-3639,-3632,-3632,-3632,-3632,-3632,-3632,-3632,-3632,-3542,-3535,-3191,-2918,-1973]} 1. e4 e6 2. Qe2 c5 3. Nf3 Nc6 4. g3 d6 5. Bg2 g6 6. O-O Bg7 7. c3 Nge7 8. Na3 O-O {C00: French: Unusual White 2nd moves.} 9. Nc2 d5 10. d4 cxd4 {The position is equal.} 11. Ncxd4 {[#]} Nxd4 $146 ({Predecessor:} 11... dxe4 12. Qxe4 e5 13. Nxc6 Nxc6 14. Bg5 Qb6 15. Qe2 Bf5 16. Be3 Qc7 17. Ng5 Rad8 {1-0 (38) Cocchi,A (2270)-Della Pietra,A (2186) Porto San Giorgio 2001}) 12. Nxd4 e5 13. Nb3 d4 14. cxd4 exd4 15. Rd1 Nc6 16. Bf4 Qe7 17. Rac1 Rd8 18. h4 h6 (18... d3 $5 19. Rxd3 Rxd3 20. Qxd3 Bxb2 $11) 19. Nc5 Ne5 20. Qd2 Bg4 21. Bxe5 Bxe5 22. f3 Bc8 23. f4 Bd6 24. b4 (24. Nd3 $1 $14 {keeps the upper hand.}) 24... Bg4 25. Re1 Bxc5 (25... a5 $5 26. e5 Bxc5 27. bxc5 Rac8 $17) 26. Rxc5 a5 27. f5 {fxg6 is the strong threat.} axb4 28. Rec1 (28. Rd5 $1 $11 {keeps the balance.}) 28... Kh7 ({Black should play} 28... d3 $17 29. fxg6 fxg6) 29. Qf4 $11 gxf5 30. Rc7 Rd7 31. Rxd7 Qxd7 32. Rc7 Qe6 33. exf5 Qe3+ 34. Qxe3 dxe3 35. Rxf7+ {[%mdl 4096] Endgame KRB-KRB} Kh8 {Threatens to win with ...b3.} 36. Rxb7 $2 (36. f6 $1 $11 {and White has nothing to worry.}) 36... Re8 $19 {White must now prevent ...e2.} 37. Bf1 e2 38. Bxe2 Rxe2 39. Rxb4 (39. f6 {is a better defense.} Be6 40. Rxb4) 39... Bxf5 {KRB-KR} (39... h5 $1 $19 {and Black stays clearly on top.} 40. Ra4 Kg7) 40. a4 {[#]} (40. g4 $17) 40... h5 $2 (40... Bh3 $1 $19 {Hoping for ...Rg2+.} 41. a5 Rg2+ 42. Kh1 Rxg3) 41. Rf4 $2 {Loses the game.} ({Only move:} 41. Rb5 $15 Bg4 42. Rg5) 41... Bg4 42. Rf2 $2 (42. Rf7) 42... Re1+ 43. Rf1 Re3 $2 (43... Rxf1+ 44. Kxf1 Kg7) 44. Kg2 $2 (44. Ra1) 44... Ra3 {Black is clearly winning.} 45. Rf4 Ra2+ 46. Kg1 Kg7 47. Kh1 Kh6 48. Rf6+ {[#]} Kh7 $1 49. Rf4 Kg7 50. Kg1 Kg6 51. Kh1 Bf5 52. Kg1 Kf6 53. Rb4 Bd7 54. Rd4 Bg4 55. Rb4 Ke5 56. Kf1 Kd5 57. Kg1 Kc5 58. Rf4 Kb6 59. Rb4+ {[#]} Ka5 $1 {Accuracy: White = 52%, Black = 70%.} 0-1

[Event "Panevezys Elite Open 2020"]
[Site "Panevezys"]
[Date "2020.06.29"]
[Round "5.12"]
[White "Chukavin, Kirill"]
[Black "Povilaitis, Tomas"]
[Result "1-0"]
[WhiteElo "2348"]
[BlackElo "1832"]
[Annotator "TA"]
[PlyCount "71"]
[EventDate "2020.06.26"]
[EventType "swiss"]
[EventCountry "LTU"]
[SourceTitle "playchess.com"]
[Source "ChessBase"]
[SourceQuality "1"]

{[%evp 20,71,48,47,48,50,87,86,122,105,105,97,136,144,159,145,227,235,585,596,611,609,611,621,607,604,627,634,764,761,777,776,768,742,920,910,918,895,1110,1097,1214,1210,1183,1181,1378,1399,1682,1678,2510,2442,5897,3018,29987,29988]} 1. e4 c5 2. Nf3 Nc6 3. d4 cxd4 4. Nxd4 e5 5. Nb5 d6 6. N1c3 a6 7. Na3 b5 8. Nd5 Nge7 9. c4 Nxd5 10. exd5 Nd4 11. cxb5 g6 {B32: Sicilian: Löwenthal and Kalashnikov Variations.} 12. Be3 Nf5 13. bxa6 Bd7 {White is better.} 14. Bd2 Bg7 {[#]} 15. Bc3 $146 ({Predecessor:} 15. Rb1 O-O 16. Nc2 Qh4 17. Bd3 Bc8 18. g3 Qe7 19. Qe2 e4 20. Bc4 Qc7 21. O-O Bxa6 22. Bxa6 Qxc2 {1-0 (37) Borchers,H (2480)-Runowiecki,T (2315) ICCF corr 1996}) 15... Qh4 16. Bd3 Qg5 17. O-O Nh4 (17... O-O $16 18. Nc2 e4) 18. g3 $18 {[#] Black must now prevent f4.} Bh3 $2 (18... O-O {is tougher.} 19. Nc4 e4 20. Bxe4 Bxc3) 19. Qa4+ Ke7 {And now ...Nf3+ would win.} 20. Qxh4 Qxh4 21. gxh4 Bxf1 22. Bxf1 Rhc8 23. Nc2 f5 24. Nb4 Rc5 25. Nc6+ Kd7 26. Rd1 Bh6 27. Bb4 Rc2 28. Bc3 e4 29. Nd4 Rc1 30. Rxc1 Bxc1 31. b4 {[%cal Bb2b4,Bb4b5,Bb5b6][%mdl 32]} Ba3 32. Nc2 Bc1 33. Bd4 Bf4 34. b5 Be5 35. b6 Bxd4 36. Nxd4 {Black got outplayed after the opening. Accuracy: White = 100%, Black = 30%.} 1-0

[Event "Panevezys Elite Open 2020"]
[Site "Panevezys"]
[Date "2020.06.30"]
[Round "6.1"]
[White "Jazdanovs, Aleksandrs"]
[Black "Meshkovs, Nikita"]
[Result "0-1"]
[WhiteElo "2222"]
[BlackElo "2582"]
[Annotator "TA"]
[PlyCount "76"]
[EventDate "2020.06.26"]
[EventType "swiss"]
[EventCountry "LTU"]
[SourceTitle "playchess.com"]
[Source "ChessBase"]
[SourceQuality "1"]

{[%evp 9,76,68,71,77,79,50,107,59,79,58,67,63,54,60,75,72,72,49,64,51,91,104,97,97,100,20,14,0,6,-62,-55,-86,-58,-79,-63,-77,0,0,0,-6,0,0,0,0,0,0,0,-3,-2,-13,0,0,0,0,36,28,56,0,0,0,7,-291,-291,-286,-285,-433,-426,-398,-390]} 1. e4 e5 2. Nf3 Qe7 3. Nc3 c6 4. d4 d6 5. Bc4 Bg4 6. Be3 {C41: Philidor Defence.} Nf6 7. a4 a5 {[#]} (7... Nbd7 $14) 8. O-O $146 {White is better.} ({Predecessor:} 8. h3 Bh5 9. Qe2 Na6 10. O-O Nb4 11. dxe5 dxe5 12. Bb3 Nd7 13. g4 Bg6 14. Nd2 {1-0 (30) Njegic,V (2125)-Janjos,S (2125) Kragujevac 2017}) 8... Qc7 9. Re1 (9. h3 {is interesting.} Bh5 10. g4 Bg6 11. Nh4 Nbd7 12. Re1) 9... Nbd7 10. h3 Bxf3 11. Qxf3 Be7 12. Bb3 O-O 13. Ne2 Rfe8 14. Rad1 g6 15. g4 {Hoping for g5.} exd4 16. Bxd4 {[#] g5 is the strong threat.} Rf8 17. Qg2 ({Better is} 17. Qe3 $16) 17... Nc5 $11 18. Bxc5 dxc5 19. Nc3 (19. Qg3 $11 Qxg3+ 20. Nxg3) 19... Bd6 $1 $15 20. Rd3 Rae8 21. Bc4 Be5 22. b3 Bd4 (22... Nd7 $17) 23. Ne2 $1 $11 Rxe4 {Threatens to win with ...Rfe8.} 24. g5 Rfe8 25. Rxd4 $1 Rxd4 26. gxf6 Qe5 27. Qf3 Rd6 {[%cal Bd4d6,Bd6f6,Bf6f4][%mdl 32]} 28. Rf1 Rxf6 29. Qg3 Qe4 30. Bd3 Qb4 31. Qg4 Qd2 32. Ng3 Rf4 33. Qd1 (33. Qg5 $14 h6 34. Qxc5) 33... Qxd1 34. Rxd1 Rd4 35. Ne2 $2 {[%mdl 8192] [#] Loses the game.} (35. Ra1 $11 {and White is okay.}) 35... Rxd3 $1 $19 {[%mdl 576] Remove Defender} 36. Rxd3 (36. cxd3 Rxe2) 36... Rxe2 37. Rd7 (37. Rc3 $142 b6 38. Kg2) 37... Rxc2 38. Rxb7 c4 {Accuracy: White = 64%, Black = 86%.} 0-1

[Event "Panevezys Elite Open 2020"]
[Site "Panevezys"]
[Date "2020.06.30"]
[Round "6.2"]
[White "Heberla, Bartlomiej"]
[Black "Malisauskas, Vidmantas"]
[Result "1-0"]
[WhiteElo "2572"]
[BlackElo "2423"]
[Annotator "TA"]
[PlyCount "97"]
[EventDate "2020.06.26"]
[EventType "swiss"]
[EventCountry "LTU"]
[SourceTitle "playchess.com"]
[Source "ChessBase"]
[SourceQuality "1"]

{[%evp 10,97,24,10,25,17,12,10,18,16,18,12,8,0,24,24,21,20,26,0,6,0,34,29,33,25,38,25,20,18,41,0,0,0,124,132,234,234,238,231,268,266,268,260,339,354,330,293,384,365,351,308,310,298,407,440,418,50,65,0,0,0,0,0,0,0,0,-12833,385,172,430,162,219,93,259,250,601,508,512,511,756,501,523,517,509,472,1643,1403,901,820]} 1. e4 Nf6 2. e5 Nd5 3. d4 d6 4. Bc4 c6 5. Nf3 Bg4 6. h3 Bxf3 {B03: Alekhine's Defence: Four Pawns Attack.} 7. Qxf3 dxe5 8. dxe5 e6 {The position is equal.} 9. O-O Nd7 10. Re1 Qc7 11. Qe2 g6 12. Nd2 Bg7 {[%cal Rd7e5]} 13. Nf3 O-O {[#]} 14. Qe4 $146 ({Predecessor:} 14. a3 b5 15. Ba2 a5 16. h4 b4 17. Bd2 bxa3 18. bxa3 h5 19. Rad1 Ne7 20. Bg5 {1-0 (42) Amin,B (2631)-Li,W (2411) Reykjavik 2013}) 14... b5 15. Bf1 Rae8 16. b3 f5 17. Qd4 c5 18. Qb2 $1 b4 19. Bd2 h6 20. h4 f4 21. c4 bxc3 (21... Ne7 $1 $11) 22. Bxc3 $16 Rf5 (22... Nxc3 $16 {keeps fighting.} 23. Qxc3 Rf5) 23. Bd3 $18 Ref8 24. Bxf5 Rxf5 25. Rad1 Qb7 26. Qc2 g5 27. hxg5 hxg5 28. Qe4 g4 29. Nh4 Rf7 30. Ba1 Nf8 31. Ng6 Rf5 {[#]} 32. Rxd5 $1 {[%mdl 512]} Qf7 (32... Qxd5 33. Ne7+) 33. Rd8 $2 ({But not} 33. Nh4 Rh5 $18) (33. Qxf5 $18 exf5 34. Nxf4) 33... Qxg6 $14 34. Bc3 (34. Bb2 $14) 34... f3 $11 35. Re3 Bh6 {Threatens to win with ...Qh5.} 36. Red3 {Strongly threatening Bd2.} Qh5 $1 {aiming for ...Bf4.} 37. Bd2 $1 {[%cal Rd2h6] Bxh6 is the strong threat.} Rxe5 38. Qa8 $2 {[%mdl 8192] [#]} (38. Bxh6 $11 Rxe4 39. Rxf8+ {[%mdl 64] Double Attack} Kh7 40. Rd7+ {[%mdl 64] Double Attack} Kg6 41. Rg8+ Kf6 42. Rf8+ Kg6 43. Rg8+ Kf6 44. Rf8+ Kg6) 38... Rf5 $4 {[%mdl 8192]} (38... g3 $1 $19 {[%mdl 512] ( -> ...Qh2+)} 39. Rxf8+ (39. fxg3 f2+) 39... Bxf8 40. Qxf8+ Kxf8 41. Rxf3+ Ke8 42. fxg3 Re2) 39. Qc6 (39. Bxh6 $142 {[%cal Rd8f8]} Qxh6 40. gxf3 (40. Qe4 Rf4 $16)) 39... Bxd2 $2 (39... Re5 40. Qe8 Qf5) 40. Rxd2 $2 (40. Qxe6+ Kg7 41. R3d7+ Nxd7 42. Qg8+ Kf6 43. Rxd7 {[%mdl 64] Double Attack}) 40... Qh6 (40... Kg7 $142 41. Qc7+ Rf7) 41. Qd6 (41. Qe4 $18 {has better winning chances.}) 41... Rf4 $2 (41... Kg7 $16 {is a better defense.}) 42. Qe5 $18 ({And not} 42. Qxc5 g3 $11) 42... c4 $2 (42... Rf5 43. Qg3 fxg2 44. Kxg2 Kg7 45. Qc3+ Kg6) 43. R8d4 {White is clearly winning.} fxg2 44. Kxg2 Qh3+ {[#]} 45. Kg1 $1 Rf5 46. Qg3 Qxg3+ 47. fxg3 cxb3 (47... c3 $142) 48. Rxg4+ Kf7 49. axb3 {Quite a comeback for White. Accuracy: White = 71%, Black = 52%.} 1-0

[Event "Panevezys Elite Open 2020"]
[Site "Panevezys"]
[Date "2020.06.30"]
[Round "6.3"]
[White "Stremavicius, Pijus"]
[Black "Baum, Jonasz"]
[Result "1/2-1/2"]
[WhiteElo "2163"]
[BlackElo "2373"]
[Annotator "TA"]
[PlyCount "59"]
[EventDate "2020.06.26"]
[EventType "swiss"]
[EventCountry "LTU"]
[SourceTitle "playchess.com"]
[Source "ChessBase"]
[SourceQuality "1"]

{[%evp 20,59,28,29,17,14,14,14,15,18,26,18,16,10,16,16,8,0,0,0,0,0,16,12,11,12,9,-16,4,0,0,0,0,0,0,0,0,0,0,0,0,0]} 1. d4 Nf6 2. c4 e6 3. Nf3 d5 4. g3 Be7 5. Bg2 O-O 6. O-O Nbd7 7. b3 b6 8. Bb2 Bb7 9. Nc3 c5 10. cxd5 exd5 11. e3 Ne4 {E17: Queen's Indian: 4 g3 Bb7 5 Bg2 Be7.} 12. dxc5 Ndxc5 {[%cal Bd7c5,Bc5e4,Be4d2,Bd2c4][%mdl 32]} 13. Nd4 Bf6 14. b4 Nxc3 15. Bxc3 Ne4 {[#] The position is equal.} 16. Bb2 $146 ({Predecessor:} 16. Rc1 Qd7 17. Qb3 Bxd4 18. Bxd4 Nd2 19. Qb2 Nxf1 20. Bxg7 Rfc8 21. Rxf1 Qf5 22. Bh8 {½-½ (42) Egginton,D-Collier,D Bristol 1993}) 16... Qd7 17. Rc1 Rac8 18. a3 Rxc1 19. Qxc1 Rc8 20. Qa1 Nd2 21. Rd1 Nc4 22. Bc3 Qa4 23. Ne2 Nb2 24. Rd2 Bxc3 25. Nxc3 Rxc3 26. Qxb2 Qxa3 ({Of course not} 26... Rxa3 27. Bxd5 Bxd5 28. Rxd5 $16) 27. Qxa3 Rxa3 28. Bxd5 Bxd5 29. Rxd5 $11 {[%cal Rd5d8] [#] KR-KR} Kf8 30. Rd7 {An uneventful encounter. Accuracy: White = 91%, Black = 100%.} 1/2-1/2

[Event "Panevezys Elite Open 2020"]
[Site "Panevezys"]
[Date "2020.06.30"]
[Round "6.4"]
[White "Bekasovs, Rihards"]
[Black "Juknis, Paulius"]
[Result "1/2-1/2"]
[WhiteElo "2179"]
[BlackElo "2127"]
[Annotator "TA"]
[PlyCount "54"]
[EventDate "2020.06.26"]
[EventType "swiss"]
[EventCountry "LTU"]
[SourceTitle "playchess.com"]
[Source "ChessBase"]
[SourceQuality "1"]

{[%evp 16,54,-39,-65,-56,-79,-79,-74,-84,-131,-130,-128,-129,-110,-122,-138,-160,-139,-143,-153,-128,-139,-134,-130,-125,-127,-125,-131,-131,-143,-69,-117,-69,-127,-108,-127,0,-135,0,-133,0]} 1. Nf3 d5 2. c4 d4 3. g3 Nc6 4. Bg2 e5 5. d3 Bb4+ 6. Bd2 a5 7. O-O Nf6 8. a3 Be7 9. Bg5 O-O {A07: Réti Opening: New York and Capablanca Systems.} 10. Bxf6 Bxf6 11. Nbd2 Be7 {[#] Black is better.} 12. b4 $146 ({Predecessor:} 12. Ne1 Nb8 13. Nc2 a4 14. b4 axb3 15. Nxb3 c6 16. e3 dxe3 17. fxe3 Be6 18. Qe2 {0-1 (41) Barbosa,O (2532)-Niemann,H (2436) New York 2019}) 12... axb4 13. axb4 Rxa1 14. Qxa1 {White wants to play b5.} Bxb4 15. Rb1 Qe7 16. Qa2 h6 17. Ne1 Bd7 18. Ndf3 b6 19. Nc2 Bc5 20. Nd2 Nb4 21. Nxb4 Bxb4 22. Nb3 Bc5 (22... g6 $17 23. Nd2 Bc3) 23. Qa7 Qd6 24. Qb7 (24. Nxc5 $15 Qxc5 25. Qb7) 24... Bc8 25. Qa7 Bd7 26. Qb7 $1 Bc8 27. Qa7 $1 Bd7 {Accuracy: White = 81%, Black = 79%.} (27... Bb4 $17 28. Qa2 Qe7) 1/2-1/2

[Event "Panevezys Elite Open 2020"]
[Site "Panevezys"]
[Date "2020.06.30"]
[Round "6.5"]
[White "Golubovskis, Maksims"]
[Black "Krivonosov, Oleg"]
[Result "1/2-1/2"]
[WhiteElo "2062"]
[BlackElo "2391"]
[Annotator "TA"]
[PlyCount "77"]
[EventDate "2020.06.26"]
[EventType "swiss"]
[EventCountry "LTU"]
[SourceTitle "playchess.com"]
[Source "ChessBase"]
[SourceQuality "1"]

{[%evp 13,77,14,18,7,27,14,20,0,0,0,0,8,0,0,0,2,0,-26,-27,-28,-12,-27,-21,-47,-39,-56,-47,-57,-58,-116,-80,-139,-135,-206,-209,-201,-210,-235,-217,-218,-95,-102,-97,-78,-12,-12,-23,-12,0,0,0,0,0,0,0,0,0,0,0,0,0,0,0,0,0,0]} 1. e4 e5 2. Nf3 Nc6 3. Bb5 a6 4. Ba4 Nf6 5. d3 b5 6. Bb3 Be7 7. O-O O-O 8. a3 {C84: Closed Ruy Lopez: Unusual White 6th moves.} d6 9. h3 Be6 10. c3 Bxb3 11. Qxb3 Na5 12. Qc2 c5 {[#]} 13. Be3 $146 ({Predecessor:} 13. Nbd2 Rc8 14. Re1 Qc7 15. b3 c4 16. dxc4 bxc4 17. b4 Nb3 18. Rb1 Nxc1 19. Rbxc1 {1-0 (41) Pajeken,J (2203)-Den Dunnen,L (1862) Hoogeveen 2017}) 13... Qc7 14. Nbd2 {[%cal Bb1d2,Bd2f1,Bf1g3,Bg3f5][%mdl 32]} d5 15. Rfe1 dxe4 16. dxe4 c4 17. Rad1 Rad8 18. Nf1 Nb3 19. Ng3 h6 20. Nf5 Bc5 21. N3h4 ({White should play} 21. Nh2 $15) 21... Kh7 22. g4 ({White should try} 22. Qe2) 22... Bxe3 $17 23. Rxe3 (23. Nxe3 $17 Nc5 24. Nd5 Nxd5 25. Rxd5) 23... g6 $19 24. Ng3 Nc5 25. Rf3 Rxd1+ 26. Qxd1 Nfxe4 ({Less strong is} 26... Ncxe4 27. Qc2 $11) (26... Qe7 $19 27. Qc2 Ne6) 27. Nxe4 $17 Nxe4 {[#]} 28. Nxg6 $1 {[%mdl 512]} Kxg6 (28... Rd8 $17 29. Qc2 Rd3) (28... fxg6 29. Rxf8) 29. Qc2 $11 Qc6 {Threatens to win with ...Kg7.} 30. Re3 f5 {The position is equal.} 31. gxf5+ Rxf5 32. Rxe4 {[%mdl 4096] Endgame KQR-KQR} Qd5 33. Rg4+ Kf6 34. Qc1 Rg5 35. Qe3 Rxg4+ 36. hxg4 Qd1+ 37. Kh2 Qxg4 38. Qxh6+ Kf5 {[#] ...Qf4+ is the strong threat.} 39. Qxa6 {Black had all chances to win. Accuracy: White = 73%, Black = 83%.} 1/2-1/2

[Event "Panevezys Elite Open 2020"]
[Site "Panevezys"]
[Date "2020.06.30"]
[Round "6.6"]
[White "Boyajyan, David"]
[Black "Laurusas, Tomas"]
[Result "0-1"]
[WhiteElo "1949"]
[BlackElo "2511"]
[Annotator "TA"]
[PlyCount "60"]
[EventDate "2020.06.26"]
[EventType "swiss"]
[EventCountry "LTU"]
[SourceTitle "playchess.com"]
[Source "ChessBase"]
[SourceQuality "1"]

{[%evp 9,60,35,34,47,40,40,47,43,106,28,95,50,68,44,55,55,92,100,103,40,71,54,70,-27,-31,-127,-128,-440,-480,-474,-438,-493,-500,-572,-589,-550,-564,-551,-486,-671,-657,-656,-648,-941,-930,-905,-883,-1128,-1096,-1325,-1303,-1100,-781]} 1. Nf3 Nf6 2. c4 a6 3. Nc3 c5 4. g3 b5 5. cxb5 axb5 6. Nxb5 {[#] A15: English Opening: 1...Nf6.} Nc6 $146 ({Predecessor:} 6... Qb6 7. Nc3 Nc6 8. Bg2 d5 9. O-O e6 10. d3 Ba6 11. Re1 Be7 12. b3 O-O {1-0 (49) Arkell,K (2465)-Merry,A (2233) Crawley 2013}) 7. Bg2 d5 8. O-O {White is slightly better.} e5 {[#]} (8... Ba6 $14 9. Nc3 e6) 9. d3 (9. d4 $1 $16 {[%cal Rd4e5][%mdl 512]} Nxd4 (9... cxd4 10. Qc2) 10. Nfxd4) 9... h6 (9... Be7 $11 {keeps the balance.}) 10. e4 {And now exd5 would win.} d4 $1 11. Na3 Be6 12. Nd2 g5 13. Ndc4 Rg8 14. h3 (14. Kh1 $16) 14... Nd7 15. Kh2 Nb4 16. Bd2 (16. Qe2 $14) 16... Nxd3 $11 17. Ba5 {[#]} (17. Bxg5 $15 Nxb2 18. Bxd8 Nxd1 19. Ba5) 17... Nxb2 $1 $17 {[%mdl 512]} 18. Qc2 $2 {[%mdl 8192] [#] This move loses the game for White.} (18. Nxb2 $17 {is more resistant.} Qxa5 19. Nac4) 18... Nxc4 $1 $19 {[%mdl 512] Black is clearly winning.} 19. Bxd8 (19. Nxc4 Rxa5) 19... Nxa3 20. Qc1 Kxd8 21. f4 gxf4 22. gxf4 exf4 23. e5 Ra5 24. Qxf4 Bg7 25. Qh4+ Kc7 26. Rf6 Nxf6 27. exf6 Bf8 28. Qe4 Bd6+ 29. Kh1 {[#]} Rxg2 $1 30. Kxg2 (30. Qxg2 c4) 30... Nc4 {Accuracy: White = 34%, Black = 76%.} 0-1

[Event "Panevezys Elite Open 2020"]
[Site "Panevezys"]
[Date "2020.06.30"]
[Round "6.7"]
[White "Starostits, Ilmars"]
[Black "Dambrauskas, Virginijus"]
[Result "1-0"]
[WhiteElo "2490"]
[BlackElo "2246"]
[Annotator "TA"]
[PlyCount "87"]
[EventDate "2020.06.26"]
[EventType "swiss"]
[EventCountry "LTU"]
[SourceTitle "playchess.com"]
[Source "ChessBase"]
[SourceQuality "1"]

{[%evp 12,87,31,25,32,0,0,0,30,22,88,65,43,52,92,33,35,9,10,11,11,13,13,12,11,12,11,11,19,3,3,3,4,0,0,0,0,0,0,0,0,0,19,0,8,-12,-4,-8,26,18,30,25,22,21,35,37,43,11,84,82,82,57,69,62,77,67,1350,1340,1299,1236,2435,2279,29992,29993,29993,29994,29996,29997]} 1. e4 c5 2. Nf3 e6 3. c3 Nf6 4. e5 Nd5 5. d4 cxd4 6. cxd4 b6 7. Bc4 Ba6 {B22: Sicilian: 2 c3.} 8. Bxd5 exd5 9. a3 d6 {The position is equal.} 10. Nc3 {[#]} Bb7 $146 (10... Be7 $11) ({Predecessor:} 10... Be7 11. Qa4+ Qd7 12. Qxd7+ Nxd7 13. Nxd5 Rc8 14. Nxe7 Kxe7 15. exd6+ Kxd6 16. Bf4+ Kd5 {½-½ (40) Roitzsch,P (2004)-Rolle,E (2265) Berlin 2009}) 11. O-O Be7 $1 12. Qa4+ Qd7 {[#]} 13. Qb3 (13. Qxd7+ $1 $16 Kxd7 14. Bf4) 13... Nc6 14. exd6 Bxd6 15. Re1+ Ne7 16. Nb5 O-O 17. Nxd6 Qxd6 18. Bf4 Qd7 19. Ne5 Qf5 20. Bg3 f6 21. Ng4 Qd7 22. h3 Nf5 23. Qd3 Rfe8 24. Rxe8+ Rxe8 25. Rc1 {Strongly threatening Rc7.} Rc8 26. Re1 Kf7 27. Re5 g6 28. Re1 {aiming for Be5!} h5 29. Ne3 $1 Nxe3 30. Rxe3 Re8 31. Rf3 Kg7 32. Qd2 Re4 33. Rc3 {Hoping for Rc7!} Re7 34. Qf4 Qe6 (34... g5 $11 35. Qb8 Bc6) 35. Qb8 $16 Ba6 36. Bd6 Rd7 37. Bf8+ Kh7 38. Re3 $36 {[%mdl 2048] Black is under pressure.} Qc6 $2 {[%mdl 8192] [#] This costs Black the game.} (38... Qf7 $14) 39. Qe8 $1 $18 {[%mdl 512] Intending Re7+ and mate.} Qc1+ 40. Re1 Qc7 41. Be7 Qc8 42. Qf7+ {[%mdl 64] Double Attack. White mates.} Kh6 43. Bf8+ Kg5 {[#]} 44. f4+ $1 {[%mdl 512] Accuracy: White = 85%, Black = 65%.} 1-0

[Event "Panevezys Elite Open 2020"]
[Site "Panevezys"]
[Date "2020.06.30"]
[Round "6.8"]
[White "Juksta, Karolis"]
[Black "Butvilas, Aistis"]
[Result "1-0"]
[WhiteElo "2366"]
[BlackElo "2103"]
[Annotator "TA"]
[PlyCount "45"]
[EventDate "2020.06.26"]
[EventType "swiss"]
[EventCountry "LTU"]
[SourceTitle "playchess.com"]
[Source "ChessBase"]
[SourceQuality "1"]

{[%evp 16,45,14,16,20,13,17,0,0,6,7,-10,83,73,81,0,0,0,0,0,318,300,485,478,479,482,478,467,470,462,612,605]} 1. d4 Nf6 2. c4 e6 3. Nc3 Bb4 4. f3 d5 5. a3 Bxc3+ 6. bxc3 c5 7. cxd5 Nxd5 8. dxc5 f5 9. Nh3 Qa5 {E25: Nimzo-Indian: Sämisch: 5...c5 6 f3 d5 7 cxd5.} 10. Nf4 Nc6 11. Nxd5 exd5 {The position is equal.} 12. Qd3 O-O 13. Bf4 {[#]} d4 $146 (13... Qxc5 $11 14. e3 Be6) ({Predecessor:} 13... Qxc5 14. e3 Be6 15. Kf2 Rfc8 16. Be2 Na5 17. Be5 Nc6 18. Bd4 Qd6 19. Rhb1 Rc7 {1-0 (68) Volkov,S (2597)-Zakhartsov,V (2608) Irkutsk 2010}) 14. Qc4+ $16 Kh8 15. Bd2 (15. Kf2 $16) 15... Be6 $1 $11 {[%cal Re6c4]} 16. Qxe6 {Threatens to win with cxd4.} dxc3 17. Bf4 $1 {Hoping for Rc1.} Qa4 $2 {[%mdl 8192] [#]} (17... Rad8 $1 $11 18. Kf2 Qxc5+ 19. Qe3 Nd4) 18. e3 $1 $18 Rfe8 $2 (18... Rad8) 19. Qc4 {White is clearly winning.} Qc2 {[%csl Gc3][%cal Rc2d2]} 20. Be2 Ne5 21. Bxe5 Rxe5 22. Kf2 {[#] aiming for Ra2.} f4 23. exf4 {Accuracy: White = 92%, Black = 46%.} 1-0